000 01139namaa22003011i 4500
001 173236
003 ES-MaACL
005 20250629063145.0
008 091120s1981 ck ag |||| | spa d
080 _a398.2(=98 Ticuna)
080 _a398.2(=98 Huitete)
080 _a821.134.2(861)-91.09
100 1 _aRodríguez de Montes, María Luisa.
_9162806
_eaut
245 1 0 _aMuestra de literatura oral en Leticia, Amazonas /
_cMaría Luisa Rodríguez de Montes.
260 _aBogotá :
_bInstituto Caro y Cuervo,
_c1981.
300 _a262 páginas :
_bilustraciones, música ;
_c23 cm.
490 1 _aPublicaciones del Instituto Caro y Cuervo ;
_v57
500 _aGlosario: p. 209-237
504 _aBibliografía: p. [239]-240.
650 7 _aLiteratura popular-
_zColombia.
_9162807
650 _aLeyendas-
_zAmazonía.
_9162808
710 2 _aInstituto Caro y Cuervo.
_94806
_eedt
830 0 _aPublicaciones del Instituto Caro y Cuervo ;
_v57
_9177445
852 _aES-MaACL
_cDEPO2
_hDonat. herederos José Prat
_jC-57051
942 _2udc
_cMONOGRAFIA
_n0
999 _c173236
_d173236